| 000 | 00976nam a2200325 a 4500 | ||
|---|---|---|---|
| 001 | 20652 | ||
| 003 | CZ PrNK | ||
| 005 | 20260128145551.0 | ||
| 007 | tu | ||
| 008 | 980528s1997 xo g d 000 0 slo | ||
| 020 |
_a800800276X _q(váz.) |
||
| 040 |
_aABA001 _bcze |
||
| 041 | 0 |
_aslo _ager |
|
| 072 | 7 |
_a81 _xLingvistika. Jazyky _2Konspekt |
|
| 080 |
_a811.162.4 _2MRF |
||
| 080 |
_a811.112.2 _2MRF |
||
| 080 |
_a81'374.8-022.215 _2MRF |
||
| 080 |
_a(038)81 _2MRF |
||
| 245 | 0 | 0 |
_aSlovensko-nemecký slovník = _bSlowakisch-Deutsches Wörterbuch / _cMarta Juríková ... [et al.] |
| 246 | 3 | 1 | _aSlowakisch-Deutsches Wörterbuch |
| 250 | _a1. vyd. | ||
| 260 |
_aBratislava : _bSlovenské pedagogické nakladateľstvo, _c1997 |
||
| 300 |
_a855 s. ; _c27 cm |
||
| 650 | 0 | 7 |
_aslovenština _2czenas |
| 650 | 0 | 7 |
_aněmčina _2czenas |
| 655 | 7 |
_advojjazyčné překladové slovníky _2czenas |
|
| 700 | 1 |
_aJuríková, Marta _4com |
|
| 910 | _aABA001 | ||
| 942 |
_2ddc _cOLDO _n0 |
||
| 999 |
_c20652 _d20652 |
||